Estadísticas para Países más cercanos a Togo

Haz click aquí para intentar la prueba.

Estadísticas generales

  • Esta prueba ha sido intentada 27 veces
  • La puntuación promedio es 18 de 20

Estadísticas de respuestas

kmpaís% Correcto
875Guinea
100%
191Níger
100%
1160Sierra Leona
100%
0Burkina Faso
96%
763Camerún
96%
886Liberia
96%
101Nigeria
96%
0Benín
92%
1359Chad
92%
1355Congo
92%
1044Gabón
92%
801Guinea Ecuatorial
92%
319Côte d'Ivoire
88%
0Ghana
88%
757Mauritania
88%
1231Senegal
88%
925Argelia
85%
393Malí
85%
1395República
Centroafricana
81%
803Santo Tomé y Príncipe
77%

Distribución de puntuación

Porcentaje por número respondido

Porcentaje de gente con cada puntuación

Historial de tus puntuaciones

No has intentado esta prueba.